Digital literacies : research and resources in language teaching (Record no. 143200)

MARC details
000 -LEADER
fixed length control field 00408nam a2200145Ia 4500
005 - DATE AND TIME OF LATEST TRANSACTION
control field 20240821160017.0
008 - FIXED-LENGTH DATA ELEMENTS--GENERAL INFORMATION
fixed length control field 240821s9999||||xx |||||||||||||| ||und||
082 ## - DEWEY DECIMAL CLASSIFICATION NUMBER
Classification number 407.0285 DUD
100 ## - MAIN ENTRY--PERSONAL NAME
Personal name Dudeney, Gavin
245 #0 - TITLE STATEMENT
Title Digital literacies : research and resources in language teaching
260 ## - PUBLICATION, DISTRIBUTION, ETC.
Place of publication, distribution, etc. London
Name of publisher, distributor, etc. Routledge Taylor & Francis Group
Date of publication, distribution, etc. 2013
300 ## - PHYSICAL DESCRIPTION
Extent 387p
650 ## - SUBJECT ADDED ENTRY--TOPICAL TERM
Topical term or geographic name entry element Language
942 ## - ADDED ENTRY ELEMENTS (KOHA)
Koha item type Book
Holdings
Withdrawn status Lost status Damaged status Not for loan Home library Current library Date acquired Total checkouts Barcode Date last seen Price effective from Koha item type
        Library and Documentation Division NCERT Library and Documentation Division NCERT 08/21/2024   131231 08/21/2024 08/21/2024 Book